Birds of Uganda (Record no. 4157)

MARC details
000 -LEADER
fixed length control field 00521nam a22002057a 4500
003 - CONTROL NUMBER IDENTIFIER
control field OSt
005 - DATE AND TIME OF LATEST TRANSACTION
control field 20191122121041.0
008 - FIXED-LENGTH DATA ELEMENTS--GENERAL INFORMATION
fixed length control field 160525b xxu||||| |||| 00| 0 eng d
020 ## - INTERNATIONAL STANDARD BOOK NUMBER
International Standard Book Number 9789970637379
040 ## - CATALOGING SOURCE
Transcribing agency DDC
082 ## - DEWEY DECIMAL CLASSIFICATION NUMBER
Classification number 598 MEU 2014
100 ## - MAIN ENTRY--PERSONAL NAME
Personal name Meunier, Quentin; Mckelvie, Sherry
9 (RLIN) 8963
245 ## - TITLE STATEMENT
Title Birds of Uganda
260 ## - PUBLICATION, DISTRIBUTION, ETC. (IMPRINT)
Place of publication, distribution, etc. Kampala;
Name of publisher, distributor, etc. Fountain,
Date of publication, distribution, etc. 2014
300 ## - PHYSICAL DESCRIPTION
Extent 370p;
Other physical details Col.ill:
Dimensions 21cm
504 ## - BIBLIOGRAPHY, ETC. NOTE
Bibliography, etc Index included
650 ## - SUBJECT ADDED ENTRY--TOPICAL TERM
Topical term or geographic name as entry element Birds
9 (RLIN) 8965
650 ## - SUBJECT ADDED ENTRY--TOPICAL TERM
Topical term or geographic name as entry element Ornithology
9 (RLIN) 5483
942 ## - ADDED ENTRY ELEMENTS (KOHA)
Source of classification or shelving scheme Dewey Decimal Classification
Koha item type Open Shelf
Holdings
Withdrawn status Lost status Source of classification or shelving scheme Damaged status Not for loan Home library Current library Date acquired Source of acquisition Inventory number Total Checkouts Full call number Barcode Date last seen Koha item type
    Dewey Decimal Classification     MUST Main Library MUST Main Library 22/11/2019 Purchase 19/40998   598 MEU 2014 2019-0635 22/11/2019 Open Shelf
    Dewey Decimal Classification     MUST Main Library MUST Main Library 22/11/2019 Purchase 19/40999   598 MEU 2014 2019-0636 22/11/2019 Open Shelf
    Dewey Decimal Classification     MUST Main Library MUST Main Library 22/11/2019 Purchase 19/41000   598 MEU 2014 2019-0637 22/11/2019 Open Shelf
    Dewey Decimal Classification     MUST Main Library MUST Main Library 22/11/2019 Purchase 19/41001   598 MEU 2014 2019-0638 22/11/2019 Open Shelf